000 nam a22 a 4500
999 _c61451
_d61451
003 BLK
005 20220727130407.0
008 180408b bul|||||r ||||||| ||bul||
010 _aKNG00065653000
040 _aBLK
041 _aDEU
_cDEU
080 _aОбщи енциклопедии. Енциклопедични речници. Научни справочници. Отраслови енциклопедии и справочници се класират в съответните отдели с определител за форма
_b03
_z03
139 _aMeyers Neues Lexikon
_bM 64
245 1 0 _aMeyers Neues Lexikon
_bBd. 1 -
_nBd. 9
_pLyna - Nazor
250 _a2. Aufl
260 _bBibliogr. Inst.
_c1971 -
_aLeipzig
300 _c24 см
380 _a0
760 1 _b2. Aufl
_d1974,Leipzig
_h712 с., 24 см
_tBd. 9 Lyna - Nazor
852 _aЦб 63969
_bО
856 4 _qpdf
856 4 _qpdf
942 _cKNG
_n0
_s1
944 _aCR
_c13.06.2004
_kКети_Илиева
944 _aED
_c06.10.2004
944 _aED
_c2022-07-27
999 _d61451